| 000 | 00699cab a2200217 4500 | ||
|---|---|---|---|
| 001 | ABS40692 | ||
| 008 | 090401t1989 xxu||||| |||| 00| 0 eng d | ||
| 035 | _a(Sirsi) u25512 | ||
| 041 | _aeng | ||
| 245 | _aEuro-property | ||
| 260 | _c1989 | ||
| 350 | _a0 | ||
| 490 |
_aProperty Director _vSpring 1989, 33-43(6) |
||
| 520 | _aTwo articles looking at how companies wishing to relocate to Europe or establish foreign subsidiaries can find suitable property. Includes a list of the European offices of the major chartered surveying firms. | ||
| 650 | _aABOUT RICS-RICS MEMBERS | ||
| 650 | _aRELOCATION | ||
| 650 | _aSINGLE MARKET | ||
| 690 | _aOVERSEAS | ||
| 942 | _n0 | ||
| 948 | _c04/03/1997 | ||
| 999 |
_c17134 _d17134 |
||